| 000 | 00699nam a2200217 a 4500 | ||
|---|---|---|---|
| 005 | 20250529063821.0 | ||
| 008 | 010607s1991 es r 000 0 spa d | ||
| 020 | _a8486168619 | ||
| 035 | _aUPN01000107708 | ||
| 049 | _aCE | ||
| 050 | 4 |
_aZ678.9 _bC5.38 |
|
| 100 | 1 | _aClayton, Marlene | |
| 245 | 1 | 0 |
_aGestión de automatización de bibliotecas / _cMarlene Clayton ; tr. Paloma García. |
| 260 |
_aMadrid : _bFundación Germán Sánchez Ruipérez, _c1991. |
||
| 300 | _a331 p. | ||
| 440 | 0 | _aBiblioteca del libro | |
| 650 | 4 |
_aBibliotecas _xAutomatización _98828 |
|
| 650 | 2 |
_aBibliotecas - _xAdministración _98821 |
|
| 650 | 4 |
_aBIBLIOTECOLOGIA - _xPROCESAMIENTO DE DATOS _93888 |
|
| 905 | _aLibro | ||
| 999 |
_c81620 _d81620 |
||